| 000 | 00341nam a2200133Ia 4500 | ||
|---|---|---|---|
| 005 | 20260328104313.0 | ||
| 008 | 260328s9999||||xx |||||||||||||| ||und|| | ||
| 100 | _aBaskinger, Mark | ||
| 245 | 0 |
_aDrawing Ideas : _b a hand- drawn approach / _cMark Baskinger |
|
| 260 | _bWatson-Guptill | ||
| 300 | _a302 p. | ||
| 650 | _aDIBUJO | ||
| 942 | _cBK | ||
| 999 |
_c11034 _d11034 |
||